| 000 | 00878nam a22001817a 4500 | ||
|---|---|---|---|
| 999 |
_c59216 _d59216 |
||
| 003 | Ge_BSU | ||
| 005 | 20221214150954.0 | ||
| 008 | 221214s1977ge xxu||||| |||| 00| 0 geo d | ||
| 041 | _ageo | ||
| 080 | _a551.442(479.22) კ-49 | ||
| 100 |
_aკიკნაძე, თამაზ, ავტ. _916411 |
||
| 245 |
_aიდუმალი სამყაროს ბილიკებით : _b[ექსპედიციები მღვიმეებში] / _cთამაზ კიკნაძე, რედ. მ. ერისთავი |
||
| 264 |
_aთბილისი : _bსაბჭ. საქართველო, _c1977. |
||
| 300 |
_a189 გვ. : _b10 ფ. ილ. ; _c20 სმ. |
||
| 653 | _aსაქართველოს მღვიმეები. | ||
| 700 |
_aერისთავი, მ _eრედაქტორი _916412 |
||
| 942 |
_2udc _cBK |
||